| 000 | 00622nam a22001815i 4500 | ||
|---|---|---|---|
| 001 | 158277 | ||
| 003 | ES-MaACL | ||
| 005 | 20230906211102.0 | ||
| 008 | 970123s1751 sp |||| | spa d | ||
| 040 |
_aCAM _bspa _cCAM |
||
| 100 | 0 |
_aLuzán, Ignacio de. _974905 |
|
| 245 | 1 | 0 |
_aMemorias literarias de París _b: actual estado y methodo de sus estudios... / _cpor Ignacio de Luzán... |
| 260 |
_aEn Madrid : _ben la imprenta de don Gabriel Ramírez..., _c1751. |
||
| 300 |
_a[4], 311 p. ; _c15 cm. |
||
| 852 |
_aES-MaACL _jR-937 _zEnc. piel _dOlim: G-1875 |
||
| 942 | _2udc | ||
| 999 |
_c158277 _d158277 |
||